[Event "Douglas Livie mem email"]
[Site "Scotland"]
[Date "2004.06.14"]
[Round "?"]
[White "Borwell, Alan Peter"]
[Black "Craig, Tom James"]
[Result "1/2-1/2"]
[WhiteElo "2229"]
[BlackElo "2403"]
[PlyCount "80"]
[EventDate "2004.06.14"]
[EventType "tourn (corr)"]
[EventRounds "12"]
[EventCountry "SCO"]
[SourceTitle "Corr 2008"]
[Source "ChessBase"]
[SourceDate "2008.06.24"]
[SourceVersion "1"]
[SourceVersionDate "2008.06.24"]
[SourceQuality "1"]

1. d4 Nf6 2. Bg5 Ne4 3. Bf4 c5 4. f3 Qa5+ 5. c3 Nf6 6. d5 Qb6 7. b3 e6 8. e4 exd5 9. exd5 Bd6 10. Bg5 Be7 11. d6 Qxd6 12. Qxd6 Bxd6 13. Bxf6 gxf6 14. Bc4 Be7 15. Ne2 d6 16. Nd2 Nd7 17. Nf4 Rb8 18. Nd5 Kd8 19. 0-0-0 b5 20. Nxe7 Kxe7 21. Rhe1+ Kd8 22. Bd5 f5 23. Nf1 Re8 24. Rxe8+ Kxe8 25. Ne3 Ne5 26. f4 Ng4 27. Re1 Kf8 28. g3 Nxe3 29. Rxe3 Be6 30. Bf3 a5 31. Kc2 Ke7 32. a3 Kd7 33. Kb2 d5 34. b4 Kd6 35. Rd3 axb4 36. axb4 Ra8 37. Rd2 Ra7 38. Bd1 cxb4 39. cxb4 Rc7 40. Be2 Rc6 1/2-1/2